000 00512cam a2200205ua 4500
001 6342
005 20260515114033.0
008 140701n ii |||gr||||Z||||||eng
020 _a81-7014-803-0
040 _cMAIN
082 _a658.7
245 _aMaterials of management
_cBy M.M. Varma
250 _a4th ed.
260 _aNew delhi:
_bSultan Chand & sons,
_c2005.
300 _axiv,512p.
653 _aGeneral management
653 _aMaterials management
700 _aVarma,M.M.,
_eAuthor.
942 _cBK
999 _c5489
_d5489